<?xml version="1.0" encoding="UTF-8"?>
<marc:record xmlns:marc="http://www.loc.gov/MARC21/slim">
   <marc:leader>00000nam a2200000 a 4500</marc:leader>
   <marc:datafield ind1="1" ind2=" " tag="100">
      <marc:subfield code="a">Frischmuth, Barbara</marc:subfield>
      <marc:subfield code="4">aut</marc:subfield>
      <marc:subfield code="e">Verfasser/-in</marc:subfield>
   </marc:datafield>
   <marc:datafield ind1="0" ind2="0" tag="245">
      <marc:subfield code="a">Sommersee</marc:subfield>
   </marc:datafield>
   <marc:datafield ind1="0" ind2="0" tag="245">
      <marc:subfield code="c">Frischmuth, Barbara</marc:subfield>
   </marc:datafield>
   <marc:datafield ind1=" " ind2="1" tag="264">
      <marc:subfield code="a">München</marc:subfield>
      <marc:subfield code="b">Jugend u. Volk</marc:subfield>
      <marc:subfield code="c">1992</marc:subfield>
   </marc:datafield>
   <marc:datafield ind1="1" ind2=" " tag="520">
      <marc:subfield code="a">Die Familie Wagner aus Deutschland verbringt ihren Urlaub im Salzkammergut. Sie besteht aus Vater Herbert, Mutter Ida und Sohn Manfred, der mit einem Loch im Herzen geboren wurde. Dieses Loch wurde geflickt, Manfred ist ein "normales Kind" und freundet sich mit den anderen Kindern in seinem Ferienort an. Da sind die Zwillinge Gundi und Gerti, die mit ihren Eltern Ferien machen, da ist Pischo, der Sohn der Familie Fischer, der die Pension gehört, wo die Sommergäste wohnen, und da ist Lilo, die Tochter der Kellnerin. Lilo hat zwar keinen Vater, aber einen tollen Großvater. Es ist ein wunderbarer Sommer, den die Kinder miteinander verleben.</marc:subfield>
   </marc:datafield>
   <marc:datafield ind1=" " ind2=" " tag="020">
      <marc:subfield code="a">9783224113312</marc:subfield>
      <marc:subfield code="9">9783224113312</marc:subfield>
   </marc:datafield>
   <marc:datafield ind1=" " ind2=" " tag="020">
      <marc:subfield code="a">3224113316</marc:subfield>
      <marc:subfield code="9">3224113316</marc:subfield>
   </marc:datafield>
   <marc:datafield ind1=" " ind2=" " tag="041">
      <marc:subfield code="a">ger</marc:subfield>
   </marc:datafield>
   <marc:datafield ind1=" " ind2=" " tag="338">
      <marc:subfield code="a">Band</marc:subfield>
   </marc:datafield>
   <marc:datafield ind1=" " ind2=" " tag="300">
      <marc:subfield code="a">198</marc:subfield>
   </marc:datafield>
</marc:record>
